| 000 | 01951cam a22002054a 4500 | ||
|---|---|---|---|
| 005 | 20250605163526.0 | ||
| 008 | 250528s ||||||||||||||||||||||||d | ||
| 035 | _a21074 | ||
| 020 | _a9789607019479 | ||
| 040 |
_aGR-AtMCL _bgre _dGR-AtMCL _eAACR2 |
||
| 245 | 1 | _aΣυμβουλευτική Ψυχολογία | |
| 250 | _a12η | ||
| 260 |
_bΕλληνικά Γράμματα, _c2009 |
||
| 300 | _a432 | ||
| 520 | _aΝέα αναθεωρημένη έκδοση οπου περιγράφεται αναλυτικά το αντικείμενο της συμβουλευτικής ψυχολογίας. Πρόλογος, Εισαγωγικές Έννοιες και Ορισμοί, Εισαγωγή, Είδη συμβουλευτικής ψυχολογίας, Θεωρητικές Προσεγγίσεις, Θεωρητικές Έννοιες, Ψυχαναλυτικές - Ψυχοδυναμικές Θεωρίες, Ανθρωπιστικές - Υπαρξιακές Θεωρίες, Γνωστικές - Συμπεριφοριστικές Θεωρίες, Σύγκριση Συμβουλευτικών Ψυχολογικών Θεωριών, Σύγχρονές Προσεγγίσεις της Συμβουλευτικής Ψυχολογίας, Η Συμβουλευτική Σχέση και Διαδικασία, Παράγοντες της Βοηθητικής Συμβουλευτικής Σχέσης, Οι Εμπλεκόμενοι στη Συμβουλευτική Διαδικασία, Η Συμβουλευτική Διαδικασία, Συμπεράσματα Ερευνών για την Αποτελεσματικότητα της Συμβουλευτικής Ψυχολογίας, Κώδικας Δεοντολογίας και Διαγωγής της Βρετανικής Ψυχολογικής Εταιρείας (2009). | ||
| 700 | 1 | _aΜαλικιώση - Λοϊζου Μαρία | |
| 942 | _cBK | ||
| 999 |
_c6145 _d6145 |
||